Books Published Before 1900 - Sudden Death - Statistics

General Stats
  • This quiz has been taken 54 times
  • The average score is 8 of 20
Answers on the Grid
Answers color-coded by a green-red scale on the quiz's grid according to % correct below.
A Study in Scarlet
The Great Gatsby
The Merry Adventures of Robin Hood
The Count of Monte Cristo
Little House on the Prarie
Alice's Adventures in Wonderland
Dracula
Les Misérables
The Wonderful Wizard of Oz
Nineteen Eighty-Four
Frankenstein
The Picture of Dorian Gray
The Chronicles of Narnia
Pride and Prejudice
On the Origin of Species
Strange Case of Dr. Jekyll and Mr. Hyde
Around the World in 80 Days
War and Peace
The Feminine Mystique
Moby-Dick
Uncle Tom's Cabin
Little Women
The Phantom of the Opera
Heart of Darkness
The Lord of the Rings
The War of the Worlds
The Jungle
Adventures of Huckleberry Finn
The Call of the Wild
Treasure Island
 
Answer Stats
Answer % Correct
Les Misérables
61%
The Count of Monte Cristo
61%
Frankenstein
57%
War and Peace
50%
Little Women
46%
On the Origin of Species
46%
Pride and Prejudice
46%
Treasure Island
46%
The Merry Adventures of Robin Hood
43%
The Picture of Dorian Gray
43%
Alice's Adventures in Wonderland
39%
Strange Case of Dr. Jekyll and Mr. Hyde
39%
Adventures of Huckleberry Finn
36%
Dracula
36%
Moby-Dick
32%
Around the World in 80 Days
29%
A Study in Scarlet
29%
Uncle Tom's Cabin
29%
Heart of Darkness
11%
The War of the Worlds
4%
No matching quizzes found
Score Distribution
Percent of People with Each Score
Percentile by Number Answered
Your Score History
You have not taken this quiz